| 000 | 00761nam a22001817a 4500 | ||
|---|---|---|---|
| 003 | BD-DhUL | ||
| 005 | 20161019180026.0 | ||
| 008 | 161019b xxu||||| |||| 00| 0 eng d | ||
| 040 | _cBD-DhUL | ||
| 082 |
_a891.4409 _bZAS |
||
| 100 | _aমোহাম্মদ জয়নুদ্দীন | ||
| 245 |
_aসৈয়দ ওয়ালীউল্লাহর নাটক / _cমোহাম্মদ জয়নুদ্দীন |
||
| 260 |
_aঢাকা ; _bমুক্তধারা, _c১৯৯০. |
||
| 300 |
_a১১০ পৃ. ; _c২২ সেমি. |
||
| 650 |
_aবাংলা সাহিত্য _xBengali literature |
||
| 700 |
_aমাহফুজ, ইমরান ...[প্রমুখ]. _eসম্পাদক |
||
| 942 |
_2ddc _cBK |
||
| 999 |
_c111953 _d111953 |
||